[Event "World Youth Girl U14 2016"]
[Site "Khanty-Mansiysk RUS"]
[Date "2016.09.26"]
[Round "5.6"]
[White "Makhija, Aashna"]
[Black "Zotova, Anastasia"]
[Result "0-1"]
[BlackTitle "WFM"]
[WhiteElo "1830"]
[BlackElo "2171"]
[WhiteFideId "25011944"]
[BlackFideId "34124907"]
[EventDate "2016.09.22"]

1. e4 c5 2. c3 Nf6 3. e5 Nd5 4. Nf3 d6 5. Bc4 Nb6 6. Bb3 c4 7. Bc2 dxe5 8. Nxe5
Qd5 9. Qe2 f6 10. Qh5+ g6 11. Bxg6+ hxg6 12. Qxg6+ Kd8 13. Nf7+ Kc7 14. Nxh8 Bf5
15. Qg3+ e5 16. O-O Bd6 17. Qh4 N8d7 18. a4 Rg8 19. g3 Bd3 20. Re1 Qf3 21. b4
Rg4 22. Qh3 Re4 23. Rf1 Rh4 24. Qxh4 Be4 25. Qxe4 Qxe4 26. Nf7 Bf8 27. Na3 Qd5
28. a5 Nc8 29. Nh8 Qg8 30. Ng6 Qxg6 31. Nxc4 Nd6 32. Ne3 Nf5 33. Nxf5 Qxf5 34.
f4 Qd3 35. Kg2 exf4 36. Rxf4 Qe2+ 37. Rf2 Qe4+ 38. Kg1 Ne5 39. Rxf6 Nf3+ 40. Kg2
Ng5+ 41. Kf1 Bxb4 42. Rf4 Qd3+ 43. Kg2 Bc5 44. Ba3 Qxd2+ 45. Kf1 Bxa3 0-1

[Event "World Youth Girl U14 2016"]
[Site "Khanty-Mansiysk RUS"]
[Date "2016.09.26"]
[Round "5.8"]
[White "Beydullayeva, Govhar"]
[Black "Koroleva, Evgeniya"]
[Result "1/2-1/2"]
[WhiteTitle "WCM"]
[WhiteElo "1994"]
[BlackElo "1970"]
[WhiteFideId "13413015"]
[BlackFideId "34124010"]
[EventDate "2016.09.22"]

1. d4 d5 2. c4 dxc4 3. Nf3 Nf6 4. e3 e6 5. Bxc4 a6 6. Qe2 c5 7. dxc5 Bxc5 8. O-O
Nc6 9. Rd1 Qe7 10. a3 Bd6 11. b4 O-O 12. h3 b5 13. Bd3 Bb7 14. e4 e5 15. Be3 Nd8
16. Nbd2 Ne6 17. g3 Rac8 18. Rac1 g6 19. Bh6 Ng7 20. Bg5 Ne6 21. Bh6 Ng7 22. Bg5
Ne6 1/2-1/2

[Event "World Youth Girl U14 2016"]
[Site "Khanty-Mansiysk RUS"]
[Date "2016.09.26"]
[Round "5.9"]
[White "Palma, Maria"]
[Black "Schulze, Lara"]
[Result "1-0"]
[BlackTitle "WFM"]
[WhiteElo "1925"]
[BlackElo "2034"]
[WhiteFideId "898481"]
[BlackFideId "12956830"]
[EventDate "2016.09.22"]

1. Nf3 d5 2. c4 e6 3. g3 Nf6 4. Bg2 Be7 5. O-O O-O 6. d4 dxc4 7. Ne5 Nc6 8. Nxc6
bxc6 9. Na3 Bxa3 10. bxa3 Ba6 11. Qd2 Rb8 12. a4 Qe7 13. Qc3 Nd5 14. Bxd5 cxd5
15. Ba3 Qd7 16. Bxf8 Kxf8 17. Qa5 Rb6 18. Rab1 Qc6 19. Rb4 Bb7 20. Rb5 Rxb5 21.
axb5 Qb6 22. Qxb6 axb6 23. Rb1 Ke7 24. Kf1 Kd6 25. Ke1 Bc8 26. Kd2 f6 27. Kc3 e5
28. e3 Bd7 29. a4 e4 30. Kb4 Bg4 31. Ra1 c6 32. bxc6 Kxc6 33. a5 bxa5+ 34. Rxa5
Kd6 35. Ra6+ Ke7 36. Ra7+ Bd7 37. Kc5 Ke6 38. Ra6+ Kf5 39. Kxd5 c3 40. Ra1 c2
41. Rc1 Ba4 42. Kc5 Kg4 43. Kb4 Bd7 44. Rxc2 Kf3 45. d5 1-0

[Event "World Youth Girl U14 2016"]
[Site "Khanty-Mansiysk RUS"]
[Date "2016.09.26"]
[Round "5.10"]
[White "Vantika, Agrawal"]
[Black "Grigorieva, Yulia"]
[Result "1-0"]
[WhiteElo "2012"]
[BlackElo "1923"]
[WhiteFideId "25050389"]
[BlackFideId "34104868"]
[EventDate "2016.09.22"]

1. d4 Nf6 2. Nf3 g6 3. g3 Bg7 4. Bg2 O-O 5. c4 d6 6. Nc3 c6 7. O-O Nbd7 8. e4 e5
9. h3 Qc7 10. Be3 Rd8 11. Re1 Nf8 12. d5 c5 13. Nd2 h6 14. a3 g5 15. b4 Bd7 16.
bxc5 dxc5 17. Nb5 Bxb5 18. cxb5 Ne8 19. Qc2 b6 20. a4 Nd6 21. Nc4 Nxc4 22. Qxc4
Nd7 23. a5 Nf6 24. Ra4 Ne8 25. Qa2 Nd6 26. axb6 Qxb6 27. Bf1 Bf8 28. Ra6 Qb7 29.
Bxc5 Nxb5 30. Bxf8 Nd4 31. Rb1 Qd7 32. Bc5 Nf3+ 33. Kg2 g4 34. Bb5 Qc8 35. Rc6
Qb7 36. Be2 Qd7 37. hxg4 Ng5 38. f3 Kg7 39. Bb5 Qb7 40. Ba4 Qd7 41. Rxh6 Qc7 42.
Rc6 Qa5 43. Bb4 1-0

[Event "World Youth Girl U14 2016"]
[Site "Khanty-Mansiysk RUS"]
[Date "2016.09.26"]
[Round "5.11"]
[White "Vanduyfhuys, Daria"]
[Black "Serikbay, Assel"]
[Result "0-1"]
[BlackTitle "WFM"]
[WhiteElo "1810"]
[BlackElo "1996"]
[WhiteFideId "246336"]
[BlackFideId "13706799"]
[EventDate "2016.09.22"]

1. d4 d5 2. c4 c6 3. cxd5 cxd5 4. Nc3 Nf6 5. Bf4 Nc6 6. e3 e6 7. Nf3 Bd6 8. Bxd6
Qxd6 9. Bd3 O-O 10. O-O e5 11. dxe5 Nxe5 12. Nxe5 Qxe5 13. Qf3 b6 14. Rfd1 Bg4
15. Qg3 Qxg3 16. hxg3 Bxd1 17. Rxd1 Rad8 18. Kf1 g6 19. Bc2 a6 20. Bb3 Rd7 21.
Nxd5 Nxd5 22. Rxd5 Rxd5 23. Bxd5 Rc8 24. Be4 f5 25. Bd3 b5 26. Ke1 Rc1+ 27. Ke2
Ra1 28. a4 Ra2 29. Kd2 Rxb2+ 30. Bc2 bxa4 31. Kc1 a3 0-1

[Event "World Youth Girl U14 2016"]
[Site "Khanty-Mansiysk RUS"]
[Date "2016.09.26"]
[Round "5.12"]
[White "Dongo, Melanie"]
[Black "Ulziikhishigjargal, Ochirkhuyag"]
[Result "1-0"]
[WhiteElo "1981"]
[BlackElo "1888"]
[WhiteFideId "3813444"]
[BlackFideId "4903188"]
[EventDate "2016.09.22"]

1. e4 e5 2. Nf3 Nc6 3. Bb5 Nf6 4. O-O Nxe4 5. Re1 Nd6 6. Nxe5 Be7 7. Bd3 Nxe5 8.
Rxe5 O-O 9. Nc3 Bf6 10. Re3 g6 11. Qf3 c6 12. b3 Ne8 13. Ba3 d6 14. Rae1 Be6 15.
Ne4 Be7 16. c4 Ng7 17. Nc3 Qd7 18. Bc2 Rfe8 19. h3 Bg5 20. R3e2 Nf5 21. Bxf5
Bxf5 22. d4 Bd2 23. Rxe8+ Rxe8 24. Rd1 Bxc3 25. Qxc3 Re2 26. d5 Qe7 27. dxc6 Qh4
28. Qf3 Re8 29. cxb7 Be4 30. Qe3 Rb8 31. Rd4 f5 32. f3 Rxb7 33. fxe4 fxe4 34.
Qxe4 Qf6 35. Bxd6 1-0

[Event "World Youth Girl U14 2016"]
[Site "Khanty-Mansiysk RUS"]
[Date "2016.09.26"]
[Round "5.13"]
[White "Aciu, Malina-Andreea"]
[Black "Vinokur, Yuliya"]
[Result "1/2-1/2"]
[WhiteElo "1876"]
[BlackElo "1956"]
[WhiteFideId "1240323"]
[BlackFideId "34127515"]
[EventDate "2016.09.22"]

1. e4 c5 2. Nf3 Nc6 3. d4 cxd4 4. Nxd4 Nf6 5. Nc3 e5 6. Ndb5 d6 7. Bg5 a6 8. Na3
b5 9. Nd5 Be7 10. Bxf6 Bxf6 11. c3 Bg5 12. Nc2 Rb8 13. Be2 O-O 14. O-O Ne7 15.
Ncb4 Bb7 16. Qb3 Kh8 17. Bd3 g6 18. Rad1 f5 19. f3 a5 20. Nxe7 axb4 21. Nd5 Bxd5
22. Qxd5 bxc3 23. bxc3 Be3+ 24. Kh1 Bc5 25. f4 fxe4 26. Qxe4 exf4 27. Rxf4 Re8
28. Qf3 Re3 29. Qf1 Qe8 30. Bxb5 Rxb5 31. Rf8+ Kg7 32. Qf6+ Kh6 33. Qh4+ Kg7 34.
Qf6+ Kh6 35. Qh4+ 1/2-1/2

[Event "World Youth Girl U14 2016"]
[Site "Khanty-Mansiysk RUS"]
[Date "2016.09.26"]
[Round "5.14"]
[White "Sibajeva, Marija"]
[Black "Kvendseth, Thyra"]
[Result "1-0"]
[WhiteTitle "WCM"]
[WhiteElo "1913"]
[BlackElo "1745"]
[WhiteFideId "12807583"]
[BlackFideId "1520628"]
[EventDate "2016.09.22"]

1. e4 e5 2. Nf3 Nc6 3. Bb5 a6 4. Ba4 Nf6 5. d4 exd4 6. O-O Be7 7. Re1 O-O 8. e5
Nd5 9. Bb3 Nb6 10. Nxd4 Nxd4 11. Qxd4 d5 12. exd6 Qxd6 13. Qe4 Bf6 14. Bf4 Qc5
15. Nc3 Rb8 16. Be3 Qf5 17. Bxb6 Bxc3 18. bxc3 cxb6 19. Qd4 Qc5 20. Re5 Qc6 21.
Rd1 Qf6 22. Qd6 Bg4 23. Rd4 Qxd6 24. Rxd6 Rbd8 25. Red5 Rxd6 26. Rxd6 b5 27. f3
Bc8 28. Rd4 g6 29. Re4 Bd7 30. Re7 Bc6 31. Kf2 a5 32. a3 a4 33. Ba2 Kg7 34. Kg3
Kf6 35. Rc7 h6 36. h4 g5 37. h5 Kg7 38. Kh3 Be8 39. Rxb7 Bc6 40. Rc7 Be8 41. Kg4
Kf6 42. Kg3 Rg8 43. Bd5 Rg7 44. Bc6 Bxc6 45. Rxc6+ Ke5 46. Rc5+ Ke6 47. Rxb5 f6
48. Rb4 Ra7 49. Re4+ Kd5 50. Kg4 Rc7 51. Rxa4 Rxc3 52. Kf5 Rxc2 53. g4 Rc3 54.
Kg6 Rxf3 55. Kxh6 f5 56. Kxg5 fxg4 57. Rxg4 Rxa3 58. h6 Ra8 59. h7 Ke6 60. Kg6
Ke5 1-0

[Event "World Youth Girl U14 2016"]
[Site "Khanty-Mansiysk RUS"]
[Date "2016.09.26"]
[Round "5.15"]
[White "Barmagambetova, Sakypzhama"]
[Black "Zahedifar, Anahita"]
[Result "0-1"]
[BlackTitle "WFM"]
[WhiteElo "1744"]
[BlackElo "2081"]
[WhiteFideId "13723103"]
[BlackFideId "12560715"]
[EventDate "2016.09.22"]

1. d4 d5 2. Nf3 Nf6 3. c4 c6 4. Nc3 e6 5. Bg5 dxc4 6. e4 b5 7. e5 h6 8. Bh4 g5
9. Nxg5 hxg5 10. Bxg5 Nbd7 11. exf6 Bb7 12. a4 Qb6 13. Be2 b4 14. Ne4 c5 15.
dxc5 Nxc5 16. Nxc5 Bxc5 17. O-O Qc7 18. h4 Rd8 19. Qc1 Qg3 0-1

[Event "World Youth Girl U14 2016"]
[Site "Khanty-Mansiysk RUS"]
[Date "2016.09.26"]
[Round "5.16"]
[White "Nomindalai, Tumurbaatar"]
[Black "Nestorovic, Katarina"]
[Result "1-0"]
[WhiteTitle "CM"]
[WhiteElo "1757"]
[BlackElo "2017"]
[WhiteFideId "4904095"]
[BlackFideId "954632"]
[EventDate "2016.09.22"]

1. d4 Nf6 2. Bg5 e6 3. e4 h6 4. Bxf6 Qxf6 5. Nf3 d6 6. Nc3 a6 7. Qd2 Nd7 8. h4
g6 9. O-O-O Qe7 10. Bd3 Bg7 11. g4 Nb6 12. e5 d5 13. Rdg1 c5 14. Qf4 c4 15. Be2
Bd7 16. Nd2 Na4 17. Qe3 Nxc3 18. Qxc3 b5 19. Qa5 b4 20. f4 Bf8 21. f5 Bc6 22.
Bf3 Qb7 23. fxe6 fxe6 24. Rf1 Rb8 25. Bd1 Be7 26. c3 bxc3 27. Qxc3 Qb4 28. Qxb4
Rxb4 29. Bc2 g5 30. h5 Rb8 31. Bg6+ Kd7 32. Rf3 Rhf8 33. Rhf1 Rxf3 34. Rxf3 Rf8
35. Kc2 Rxf3 36. Nxf3 Ba4+ 37. Kc1 Bd8 38. Bc2 Bc6 39. Bg6 a5 40. a3 Be7 41. Kd2
Kc7 42. Kc3 Ba4 43. Bc2 Be8 44. Bg6 Bd7 45. Bf7 Kb6 46. Ng1 a4 47. Ne2 Bf8 48.
Nc1 Kb5 49. Na2 Ka5 50. Kd2 Kb5 51. Nc3+ Kb6 52. Bg6 Be7 53. Bf5 exf5 54. Nxd5+
Kb5 55. Nxe7 fxg4 56. d5 Kc5 57. Ke3 Be8 58. d6 Bd7 59. Ng8 Be6 60. Nxh6 Kd5 61.
Nf7 Bf5 62. h6 Ke6 63. Nxg5+ Kxe5 64. d7 1-0

[Event "World Youth Girl U14 2016"]
[Site "Khanty-Mansiysk RUS"]
[Date "2016.09.26"]
[Round "5.17"]
[White "Gronn, Embla Ekeland"]
[Black "Ouellet, Maili-Jade"]
[Result "0-1"]
[BlackTitle "WCM"]
[WhiteElo "1533"]
[BlackElo "1992"]
[WhiteFideId "1517600"]
[BlackFideId "2620472"]
[EventDate "2016.09.22"]

1. d4 d5 2. Nf3 Nf6 3. Bf4 e6 4. e3 Be7 5. Be2 O-O 6. O-O c5 7. c3 b6 8. Nbd2
Bb7 9. h3 Ne4 10. Nxe4 dxe4 11. Nd2 g5 12. Bh2 f5 13. dxc5 bxc5 14. Qc2 Qe8 15.
Qb3 Bd5 16. Bc4 Qc6 17. f3 exf3 18. Nxf3 Nd7 19. Rad1 Nb6 20. Ne5 Qe8 21. Bxd5
exd5 22. Qc2 Qc8 23. Rf2 c4 24. Rdf1 f4 25. exf4 Bc5 26. fxg5 Qf5 27. Qxf5 Rxf5
28. Ng4 Rxg5 29. Be5 Bxf2+ 30. Rxf2 h5 31. Nf6+ Kh8 32. Nd7+ Kh7 33. Nf6+ Kg6
34. Bd4 Rf8 35. h4 Rg3 36. Bxb6 Rxf6 37. Rxf6+ Kxf6 38. Bxa7 Rg8 39. Bc5 Ra8 40.
a3 Ke5 41. Kf2 Ke4 42. Ke2 Rg8 43. a4 Rxg2+ 44. Bf2 Rg8 45. a5 Ra8 46. Bb6 Kf4
47. Bc7+ Ke4 48. Bb6 Rb8 49. Ke1 Kd3 50. Kd1 Rf8 51. Ke1 Kc2 52. a6 Kxb2 53. Bd4
Kb3 54. a7 Ka4 55. Ke2 Kb5 56. Ke3 Kc6 57. Ke2 Kb7 58. Bf2 Rg8 59. Kf3 Rg4 60.
Ke2 Rg2 61. Kf3 Rh2 62. Kg3 Rh1 63. Kf3 Rc1 64. Bd4 Rd1 65. Ke2 Rxd4 66. cxd4
Kxa7 0-1

[Event "World Youth Girl U14 2016"]
[Site "Khanty-Mansiysk RUS"]
[Date "2016.09.26"]
[Round "5.18"]
[White "Swiech, Joanna"]
[Black "Nayberg, Simona"]
[Result "1-0"]
[WhiteElo "1962"]
[BlackElo "1807"]
[WhiteFideId "1183486"]
[BlackFideId "2075180"]
[EventDate "2016.09.22"]

1. e4 Nf6 2. e5 Nd5 3. d4 d6 4. exd6 exd6 5. Nf3 Be7 6. c3 O-O 7. Bd3 c5 8. Qc2
h6 9. O-O Be6 10. a3 Nc6 11. c4 Nf6 12. d5 Nxd5 13. cxd5 Bxd5 14. Nbd2 Bf6 15.
Ne4 Re8 16. Rd1 Bd4 17. Ned2 Ne5 18. Nxd4 cxd4 19. Be4 d3 20. Qa4 Be6 21. Nf1
Bc4 22. Bf4 b5 23. Qb4 d5 24. Bxe5 dxe4 25. Qc3 Qg5 26. Bd4 Rac8 27. Qd2 Qd5 28.
Bc3 Qh5 29. Re1 Qg6 30. Re3 Rc5 31. Rae1 Rg5 32. Rg3 f5 33. Qf4 Rd8 34. Bd2 Rxg3
35. Nxg3 Be6 36. Qc7 Rc8 37. Qxa7 Rc2 38. Nf1 h5 39. Qb8+ Kh7 40. Qxb5 Bc4 41.
Qe5 h4 42. h3 Ba6 43. Rd1 Bc8 44. Bc3 Re2 45. Qf4 Qh5 46. Qc7 Qg5 47. Qxc8 Qf4
48. Bd4 Rc2 49. Qd7 Qg5 50. Ne3 Re2 51. Qxf5+ Qxf5 52. Nxf5 d2 53. Kf1 Re1+ 54.
Rxe1 dxe1=Q+ 55. Kxe1 1-0

[Event "World Youth Girl U14 2016"]
[Site "Khanty-Mansiysk RUS"]
[Date "2016.09.26"]
[Round "5.19"]
[White "Filippova, Darya"]
[Black "Mangalam, Shreya B"]
[Result "0-1"]
[WhiteTitle "WFM"]
[WhiteElo "1888"]
[BlackElo "1739"]
[WhiteFideId "24173738"]
[BlackFideId "2085070"]
[EventDate "2016.09.22"]

1. d4 d5 2. c4 e6 3. Nc3 Bb4 4. a3 Bxc3+ 5. bxc3 Nf6 6. Bg5 c6 7. Qc2 Nbd7 8. e3
Qa5 9. Bxf6 Nxf6 10. Bd3 e5 11. dxe5 Ng4 12. Nf3 dxc4 13. Bxc4 Nxe5 14. Nxe5
Qxe5 15. O-O O-O 16. Qb3 b5 17. Bd3 Be6 18. Qc2 g6 19. a4 a6 20. Kh1 Rfd8 21. e4
Qf4 22. Rfd1 Qf6 23. Rab1 Rab8 24. Kg1 Qe5 25. Qc1 Qc5 26. Rd2 Bc4 27. Bxc4 Qxc4
28. Rb4 Qe6 29. axb5 axb5 30. f3 Rxd2 31. Qxd2 c5 32. Rb2 Qb6 33. Qe3 Qa5 34.
Kf2 b4 35. cxb4 cxb4 36. Rb3 Rc8 37. Qd3 h6 0-1

[Event "World Youth Girl U14 2016"]
[Site "Khanty-Mansiysk RUS"]
[Date "2016.09.26"]
[Round "5.20"]
[White "Bellahcene, Meriem"]
[Black "Bechvaia, Maia"]
[Result "1/2-1/2"]
[WhiteElo "1729"]
[BlackElo "1848"]
[WhiteFideId "20655347"]
[BlackFideId "13613294"]
[EventDate "2016.09.22"]

1. e4 c5 2. Nf3 Nc6 3. d4 cxd4 4. Nxd4 e5 5. Nb5 d6 6. N1c3 a6 7. Na3 Be6 8. Be3
b5 9. Nd5 Bxd5 10. exd5 Nb8 11. Be2 Be7 12. O-O Nf6 13. c3 O-O 14. Nc2 Nfd7 15.
a4 bxa4 16. Rxa4 Bg5 17. b4 Bxe3 18. Nxe3 Nb6 19. Ra3 f5 20. f4 Qe7 21. Qd3 g6
22. Ra5 exf4 23. Rxf4 Re8 24. Kf2 Qe5 25. Qd4 Ra7 26. Qxe5 Rxe5 27. c4 Rae7 28.
Ra3 N6d7 29. Rf3 Nf6 30. h3 Ne4+ 31. Ke1 Ng5 32. Rf2 1/2-1/2

[Event "World Youth Girl U14 2016"]
[Site "Khanty-Mansiysk RUS"]
[Date "2016.09.26"]
[Round "5.21"]
[White "Grischenko, Kamila"]
[Black "Alekseenko, Mariya"]
[Result "1-0"]
[WhiteElo "1839"]
[BlackElo "1643"]
[WhiteFideId "14147491"]
[BlackFideId "44172729"]
[EventDate "2016.09.22"]

1. e4 c5 2. d4 cxd4 3. c3 d3 4. Bxd3 e6 5. Nf3 a6 6. Bf4 d6 7. Nbd2 Be7 8. O-O
Nf6 9. Qc2 Nbd7 10. Nb3 b6 11. Rad1 Bb7 12. Rfe1 Rc8 13. Qe2 O-O 14. Bxa6 Bxa6
15. Qxa6 Ra8 16. Qe2 e5 17. Bg5 Rxa2 18. Bxf6 Nxf6 19. Nxe5 Qa8 20. Nf3 Re8 21.
Qc2 Bf8 22. Nbd2 Ra4 23. Nd4 Rc8 24. Qb3 Nd7 25. N2f3 Nc5 26. Qc2 g6 27. e5 dxe5
28. Nxe5 Ra2 29. Qb1 Ra4 30. b4 Nb7 31. Qb3 Nd6 32. Nb5 Rd8 33. Nxd6 Rxd6 34.
Rxd6 Bxd6 35. Qxf7+ Kh8 36. Qf6+ Kg8 37. Qxd6 Ra1 38. Qe6+ Kh8 39. Nf3 1-0

[Event "World Youth Girl U14 2016"]
[Site "Khanty-Mansiysk RUS"]
[Date "2016.09.26"]
[Round "5.24"]
[White "Tomcikova, Dominika"]
[Black "Yapa Bandara, Chamodya"]
[Result "1-0"]
[WhiteElo "1713"]
[BlackElo "1582"]
[WhiteFideId "14935554"]
[BlackFideId "9914706"]
[EventDate "2016.09.22"]

1. e4 c5 2. Nc3 e6 3. g3 a6 4. Bg2 Nc6 5. d3 d6 6. f4 Qc7 7. Nf3 Rb8 8. O-O b5
9. Qe1 Nge7 10. Be3 Nb4 11. Qf2 a5 12. d4 c4 13. a3 Na6 14. f5 f6 15. fxe6 Bxe6
16. e5 Nf5 17. exf6 gxf6 18. d5 Bc8 19. Nd4 Nxe3 20. Qxe3+ Qe7 21. Qxe7+ Bxe7
22. Ncxb5 Bd7 23. a4 Nc5 24. b3 cxb3 25. cxb3 O-O 26. Rae1 Rf7 27. Nc6 Bxc6 28.
dxc6 Rg7 29. c7 Rf8 30. Bh3 Nd3 31. Re2 d5 32. c8=Q Bc5+ 33. Kg2 Rxc8 34. Bxc8
Rg4 35. Bxg4 1-0

[Event "World Youth Girl U14 2016"]
[Site "Khanty-Mansiysk RUS"]
[Date "2016.09.26"]
[Round "5.25"]
[White "Skaslien, Ingrid"]
[Black "Koubova, Anna Marie"]
[Result "1/2-1/2"]
[WhiteElo "1588"]
[BlackElo "1822"]
[WhiteFideId "1520660"]
[BlackFideId "381470"]
[EventDate "2016.09.22"]

1. d4 Nf6 2. Bg5 Ne4 3. h4 d5 4. Nd2 Nxd2 5. Qxd2 h6 6. Bf4 c5 7. e3 e6 8. Nf3
Qb6 9. c3 Nd7 10. Be2 cxd4 11. exd4 Be7 12. b3 Nf6 13. Ne5 Bd7 14. Qd3 Rc8 15.
Rc1 Bd6 16. Qg3 Bf8 17. Qd3 Bd6 1/2-1/2

[Event "World Youth Girl U14 2016"]
[Site "Khanty-Mansiysk RUS"]
[Date "2016.09.26"]
[Round "5.26"]
[White "Beshukova, Alina"]
[Black "Smbatyan, Qristine"]
[Result "0-1"]
[WhiteElo "1820"]
[BlackElo "1506"]
[WhiteFideId "24164828"]
[BlackFideId "13308319"]
[EventDate "2016.09.22"]

1. Nf3 Nf6 2. g3 g6 3. b3 Bg7 4. Bb2 b6 5. Bg2 Bb7 6. O-O O-O 7. c4 c5 8. e3 e6
9. d4 cxd4 10. exd4 d5 11. Ne5 Nbd7 12. Nc3 a6 13. Rc1 Re8 14. Re1 Rb8 15. Nxd7
Qxd7 16. cxd5 Nxd5 17. Ne4 Nf6 18. Nxf6+ Bxf6 19. Bxb7 Qxb7 20. Re2 Rbd8 21. Rd2
Rd5 22. Qc2 Red8 23. Qc6 Qb8 24. Qa4 a5 25. Rc6 Qb7 26. Qc4 b5 27. Qc2 Bxd4 28.
Bxd4 Rxd4 29. Rxd4 Rxd4 30. Rc8+ Kg7 31. Qc3 e5 32. Rc6 Qd7 33. Qc5 Rd1+ 34. Kg2
Rd5 35. Qc3 b4 36. Qc4 Rd4 37. Qc5 Qd5+ 38. Qxd5 Rxd5 39. Rc2 f5 40. Rc7+ Kf6
41. Rc2 e4 42. Re2 Rd3 43. Rc2 Rc3 44. Rd2 Ke5 45. h3 g5 46. Kh2 f4 47. Kg2 f3+
48. Kh2 e3 49. fxe3 Rxe3 50. Kg1 Re2 51. Rxe2+ fxe2 52. Kf2 Kd4 53. Kxe2 Kc3 54.
Kd1 Kd3 55. h4 g4 0-1

[Event "World Youth Girl U14 2016"]
[Site "Khanty-Mansiysk RUS"]
[Date "2016.09.26"]
[Round "5.27"]
[White "Plaza Reino, Mercedes"]
[Black "Marais, Nina"]
[Result "1/2-1/2"]
[BlackTitle "WCM"]
[WhiteElo "1665"]
[BlackElo "1544"]
[WhiteFideId "24511951"]
[BlackFideId "14306883"]
[EventDate "2016.09.22"]

1. c4 c5 2. Nf3 Nc6 3. d4 cxd4 4. Nxd4 g6 5. e4 Nf6 6. Nc3 d6 7. Be2 Nxd4 8.
Qxd4 Bg7 9. Be3 O-O 10. Qd2 a5 11. O-O a4 12. f3 Be6 13. Rac1 Qa5 14. Nd5 Nxd5
15. Qxa5 Nxe3 16. Qb6 Nxf1 17. Bxf1 Bf6 18. g3 Rfc8 19. f4 Bd7 20. Bg2 Bc6 21.
Rc2 Ra6 22. Qf2 Ra5 23. Qe3 Rc5 24. b3 axb3 25. axb3 Ra5 26. Bf3 Ra3 27. Rd2
Rca8 28. Kg2 Bg7 29. Bd1 Bh6 30. Kf2 R8a6 31. e5 dxe5 32. Rd8+ Bf8 33. Qxe5 Ra2+
34. Be2 Ra8 35. Qxe7 Rxd8 36. Qxd8 Rb2 37. Qb6 h6 38. Ke3 Ba4 39. Bd1 Bc6 40. h3
Rg2 41. g4 Rg3+ 42. Kf2 Rxh3 43. Qd4 Be7 44. Ke1 Bb4+ 45. Ke2 Rh2+ 46. Ke3 Ba3
47. Kd3 Bc1 48. Be2 Ba3 49. Bd1 Bb4 50. Be2 b5 51. c5 Ba5 52. b4 Bc7 53. Qe3 Kf8 1/2-1/2

[Event "World Youth Girl U14 2016"]
[Site "Khanty-Mansiysk RUS"]
[Date "2016.09.26"]
[Round "5.28"]
[White "Pandey, Ritika"]
[Black "Sahin, Hayrun Nisa"]
[Result "0-1"]
[WhiteElo "1641"]
[BlackElo "1725"]
[WhiteFideId "30903670"]
[BlackFideId "6380875"]
[EventDate "2016.09.22"]

1. e4 c5 2. Nf3 g6 3. d4 cxd4 4. Nxd4 Bg7 5. c4 Nc6 6. Be3 Nf6 7. Nc3 d6 8. Be2
O-O 9. O-O Nxd4 10. Bxd4 a5 11. Qd2 Bd7 12. Rab1 Bc6 13. f3 Nd7 14. Be3 Nc5 15.
b3 Qb6 16. Rfc1 Rfc8 17. Bd1 Qd8 18. a3 h5 19. Be2 Kh7 20. b4 axb4 21. axb4 Na4
22. Nd5 Bxd5 23. cxd5 Nc3 24. Rb3 Nxe2+ 25. Qxe2 Rxc1+ 26. Bxc1 Ra1 27. Qc2 Qb6+
28. Kf1 Bd4 29. Rb1 Rxb1 30. Qxb1 Bg1 31. Qb2 Bxh2 32. Qf2 Qb5+ 33. Qe2 Qxb4 34.
g4 Be5 35. gxh5 Qc3 36. hxg6+ fxg6 37. Bd2 Qa1+ 38. Kg2 Bd4 39. Be1 b5 40. f4
Bc5 41. f5 b4 42. fxg6+ Kg7 43. Qf1 Qf6 44. Qc4 Qb2+ 45. Kf3 Kxg6 46. Kf4 Qf6+
47. Kg3 Qg5+ 48. Kf3 Qh5+ 49. Kg2 Qg5+ 50. Kf1 Qe3 51. e5 Qf3+ 0-1

[Event "World Youth Girl U14 2016"]
[Site "Khanty-Mansiysk RUS"]
[Date "2016.09.26"]
[Round "5.29"]
[White "Parhomenko, Anastasija"]
[Black "Puppi Lazo, Stephanie Beatriz"]
[Result "0-1"]
[WhiteElo "1506"]
[BlackElo "1710"]
[WhiteFideId "11606185"]
[BlackFideId "3826104"]
[EventDate "2016.09.22"]

1. d4 Nf6 2. Nf3 e6 3. b3 d5 4. Nbd2 Bb4 5. Bb2 Ne4 6. e3 Nd7 7. Bd3 f5 8. a3
Bd6 9. Ne5 Qf6 10. Nef3 O-O 11. Qe2 Re8 12. c4 c6 13. O-O g5 14. h3 Qg7 15. Bxe4
dxe4 16. Nh2 e5 17. Rfe1 Nf6 18. c5 Bc7 19. Nc4 exd4 20. Bxd4 Be6 21. Qb2 Rf8
22. Qc3 Qe7 23. b4 Bxc4 24. Qxc4+ Nd5 25. a4 Be5 26. Bxe5 Qxe5 27. Rac1 Rf7 28.
Re2 h5 29. f3 a5 30. b5 Re8 31. bxc6 bxc6 32. Qa6 Qc7 33. Qc4 Qe5 34. Qa6 Qc7
35. Qc4 Kh7 36. Rf1 Kg6 37. Qc1 Qe5 38. f4 gxf4 39. Kh1 Nxe3 40. Rff2 Rd8 41.
Re1 Rd5 42. Rxe3 fxe3 43. Qxe3 f4 44. Qe1 Rxc5 45. Re2 Rc4 46. Nf3 Qd5 47. Nh4+
Kh6 48. Qb1 Rd4 49. Qb8 Kg7 50. Qb2 c5 51. Qb6 Qg5 52. Qxa5 Qxh4 53. Qc3 Qg3 54.
Qc2 Rfd7 0-1

[Event "World Youth Girl U14 2016"]
[Site "Khanty-Mansiysk RUS"]
[Date "2016.09.26"]
[Round "5.30"]
[White "Tharushi, T H D Niklesha"]
[Black "Makarova, Anastasiya"]
[Result "1-0"]
[WhiteElo "1584"]
[BlackElo "1471"]
[WhiteFideId "9918264"]
[BlackFideId "54102731"]
[EventDate "2016.09.22"]

1. d4 f5 2. Nc3 Nf6 3. Bg5 e6 4. e4 fxe4 5. Nxe4 Be7 6. Bxf6 Bxf6 7. Qh5+ g6 8.
Qh6 d5 9. Nxf6+ Qxf6 10. Nf3 Nd7 11. h4 Qf8 12. Qe3 Qd6 13. h5 gxh5 14. c3 Nf6
15. Ne5 Bd7 16. Be2 Ng4 17. Bxg4 hxg4 18. Qg5 Qf8 19. Nxg4 Qe7 20. Nf6+ Kd8 21.
Qe5 Rc8 22. O-O-O b6 23. Nxd5 Qf8 24. Qg5+ Ke8 25. Nf6+ Kd8 26. Rh6 Qe7 27. Rdh1
Rf8 28. Qe5 1-0